000 nam a22 7a 4500
999 _c8607
_d8607
008 180118b ||||| |||| 00| 0 eng d
100 _94983
_aMALHOTRA.I
245 _aINDIRA GANDHI
260 _aNEW DELHI
_bNBT
_c2014